| 000 | 01047nam a2200265 a 4500 | ||
|---|---|---|---|
| 001 | 000002991 | ||
| 005 | 20250204073951.0 | ||
| 008 | 090706s2008 dr 000 0 spa d | ||
| 020 | _a9789993439547 | ||
| 040 |
_aDO-SdBNP _bspa _cBNPHU |
||
| 082 |
_aR 467.97293 _bU76d, 2008 |
||
| 100 | 1 |
_aUribe, Max, _d1900 -1996 _99495 |
|
| 245 | 1 | 0 |
_aDiccionario de dominicanismos y americanismos : _bpalabras y sus orígenes / _cMax Uribe ; prólogo Mariano Lebrón Saviñón. |
| 250 | _a2a ed. | ||
| 260 |
_aSanto Domingo : _bLibrería La Trinitaria, _c2008. |
||
| 300 |
_a634 p. ; _c28 cm. |
||
| 500 | _aEdición especial por el 40 aniversario de La Librería La Trinitaria | ||
| 650 | 4 |
_aDominicanismos _vDICCIONARIOS _99496 |
|
| 650 | 4 |
_aAmericanismos _vDICCIONARIOS _99497 |
|
| 650 | 4 |
_aEspañol _xEtimología _vDICCIONARIOS _99498 |
|
| 650 | 4 |
_aEspañol _xLexicografía _91722 |
|
| 650 | 4 |
_aEspañol _vDICCIONARIOS _zRepública Dominicana _99499 |
|
| 700 | 1 |
_aLebrón Saviñon, Mariano _d1922-2014 _epról. _97227 |
|
| 910 | _aValidado. Control de calidad MFF | ||
| 999 |
_c2823 _d2823 |
||